First Five: Entertainment Quiz Stats

 Plays Quiz Updated Jul 30, 2019

Score 0/30 Timer 06:00
1 Play Today
% Correct
Red
94.9%
Yellow
93%
Green
92.8%
Cats (1994)
81%
Spider-Man (1962)
78.5%
George Clooney (Batman & Robin, 1997)
75.6%
Christian Bale (Batman Begins, 2005)
74.1%
Michael Keaton (Batman, 1989)
70.6%
Kelly Clarkson (2002)
67.3%
Val Kilmer (Batman Forever, 1995)
63.3%
Hulk (1962)
62.1%
Adam West (Batman, 1968)
61.5%
The Phantom of the Opera (2000)
56.7%
Thor (1962)
49.9%
Brown
47.6%
% Correct
Carrie Underwood (2005)
45%
Ruben Studdard (2003)
36.6%
Les Misérables (1999)
35.9%
Ant-Man (1962)
27.2%
Taylor Hicks (2006)
16.1%
A Chorus Line (1987)
15.7%
Fantasia Barrino (2004)
14.5%
Rita Moreno (1977)
14.2%
Scarlet
11.3%
Audrey Hepburn (1994)
8.6%
Helen Hayes (1977)
4.4%
Richard Rodgers (1962)
4.1%
John Gielgud (1991)
3.2%
Groot (1960)
3.1%
Oh! Calcutta! [1976 revival] (1987)
2.8%

You're not logged in!

Compare scores with friends on all Sporcle quizzes.
OR
Log In

Sporcle TV

Today on Sporcle TV


Watch our educational content, quiz creation guides, and fun videos on Sporcle TV.

Show Comments

Extras

Top Quizzes Today


Score Distribution

Your Account Isn't Verified!

In order to create a playlist on Sporcle, you need to verify the email address you used during registration. Go to your Sporcle Settings to finish the process.

Report this User

Report this user for behavior that violates our Community Guidelines.

Details: